[Event "Portimao op"]
[Site "Portimao"]
[Date "2024.02.15"]
[Round "5"]
[White "Martinez Ramirez, Lennis"]
[Black "Mitusov, Semen"]
[Result "1/2-1/2"]
[WhiteElo "2442"]
[BlackElo "2487"]
[PlyCount "171"]
[EventDate "2024.02.11"]
[EventType "swiss"]
[EventRounds "9"]
[EventCountry "POR"]
[SourceTitle "CB09_2024"]
[SourceDate "2024.02.28"]
[SourceVersion "1"]
[SourceVersionDate "2024.02.28"]
[SourceQuality "1"]

1. Nf3 d5 2. c4 e6 3. e3 Nf6 4. b3 Bd6 5. Bb2 0-0 6. Qc2 Re8 7. c5 Bf8 8. b4 b6 9. d4 a5 10. b5 c6 11. Nbd2 bxc5 12. dxc5 Nfd7 13. Ba3 cxb5 14. Bxb5 Ba6 15. Rb1 Bxb5 16. Rxb5 Na6 17. Nb3 Rc8 18. Nxa5 Naxc5 19. Bxc5 Rxc5 20. Qb1 Qc7 21. 0-0 Rxb5 22. Qxb5 Ra8 23. Nc6 Rxa2 24. Rc1 Nf6 25. Qb1 Ra8 26. g3 h6 27. Nfd4 Ne4 28. Kg2 Kh8 29. Rc2 Nc5 30. Qb5 Ne4 31. h4 Nf6 32. Qe2 Ra1 33. Qf3 Qb7 34. Nd8 Qb1 35. Kh3 Kg8 36. Rc8 Qf1+ 37. Qg2 Qd1 38. g4 Ne4 39. f3 Nd6 40. Rb8 Rb1 41. Ra8 Ra1 42. Rb8 Rb1 43. Ra8 Qc1 44. Qc2 Qh1+ 45. Qh2 Qf1+ 46. Qg2 Qc1 47. Qc2 Qxc2 48. Nxc2 Nb5 49. h5 Rb2 50. Nc6 f6 51. Ne1 Re2 52. Ng2 Rc2 53. Ne7+ Kf7 54. Ng6 Bd6 55. Nh8+ Ke7 56. Rg8 e5 57. Rxg7+ Ke6 58. Nf7 d4 59. e4 Be7 60. Nxh6 Bf8 61. Rg6 d3 62. Nf5 d2 63. Nfe3 Kf7 64. g5 fxg5 65. Rxg5 Rc5 66. Nd1 Bh6 67. Rf5+ Ke7 68. f4 Nc3 69. Nf2 Nxe4 70. Nd1 Nc3 71. Nf2 Ne4 72. Nd1 exf4 73. Rxc5 Nxc5 74. Kg4 Nd3 75. Nh4 Ke6 76. Kf3 Bg5 77. Ng6 Kf5 78. Ke2 Ke4 79. Nc3+ Kd4 80. Nb5+ Kc4 81. Nd6+ Kc3 82. Ne4+ Kc2 83. Nxd2 Nc1+ 84. Ke1 Nd3+ 85. Ke2 Nc1+ 86. Ke1 1/2-1/2

[Event "Portimao op"]
[Site "Portimao"]
[Date "2024.02.14"]
[Round "4"]
[White "Mitusov, Semen"]
[Black "Panjer, Sidney"]
[Result "1-0"]
[WhiteElo "2487"]
[BlackElo "2059"]
[PlyCount "63"]
[EventDate "2024.02.11"]
[EventType "swiss"]
[EventRounds "9"]
[EventCountry "POR"]
[SourceTitle "CB09_2024"]
[SourceDate "2024.02.28"]
[SourceVersion "1"]
[SourceVersionDate "2024.02.28"]
[SourceQuality "1"]

1. e4 e5 2. Nf3 Nc6 3. Bb5 a6 4. Ba4 Nf6 5. 0-0 b5 6. Bb3 Bc5 7. c3 d6 8. a4 Rb8 9. d4 Bb6 10. a5 Ba7 11. h3 0-0 12. Be3 Re8 13. Ng5 Rf8 14. Re1 Ra8 15. Nf3 Re8 16. Nbd2 exd4 17. cxd4 h6 18. Nf1 Rxe4 19. Ng3 Re8 20. Qd2 d5 21. Rac1 Ne7 22. Bf4 Ng6 23. Bxc7 Rxe1+ 24. Qxe1 Qd7 25. Ne5 Nxe5 26. Bxe5 Ne8 27. Nh5 f6 28. Bxf6 Nxf6 29. Nxf6+ gxf6 30. Bxd5+ Qxd5 31. Qe8+ Kg7 32. Rc7+ 1-0

[Event "NOR-chT Elite 2324"]
[Site "Norway"]
[Date "2024.02.03"]
[Round "5.14"]
[White "Mitusov, Semen"]
[Black "Kizatbay, Abyl"]
[Result "1-0"]
[WhiteElo "2487"]
[BlackElo "2176"]
[PlyCount "63"]
[EventDate "2023.10.27"]
[EventType "team-tourn"]
[EventRounds "9"]
[EventCountry "NOR"]
[SourceTitle "CB16_2024"]
[SourceDate "2024.04.17"]
[SourceVersion "1"]
[SourceVersionDate "2024.04.17"]
[SourceQuality "1"]
[WhiteTeam "OSS"]
[BlackTeam "Stavanger"]
[WhiteTeamCountry "NOR"]
[BlackTeamCountry "NOR"]

1. e4 c5 2. Nf3 d6 3. d4 cxd4 4. Nxd4 Nf6 5. Nc3 a6 6. a4 e5 7. Nf3 Qc7 8. Bg5 Nbd7 9. Nd2 h6 10. Be3 Nc5 11. Nc4 Be6 12. Nd5 Nxd5 13. exd5 Bf5 14. a5 Be7 15. Nb6 Rd8 16. b4 Ne4 17. c4 Bg5 18. Bd3 Bxe3 19. fxe3 Bh7 20. Qa4+ Ke7 21. Qc2 Nf6 22. Bxh7 Rxh7 23. 0-0 g6 24. Rac1 Nd7 25. c5 Nxb6 26. axb6 Qb8 27. e4 Kf8 28. Rf6 Kg7 29. Qf2 Kg8 30. h3 h5 31. Rc2 h4 32. c6 1-0

[Event "Seville op 49th"]
[Site "Seville"]
[Date "2024.01.20"]
[Round "9"]
[White "Mitusov, Semen"]
[Black "Pap, Misa"]
[Result "1-0"]
[WhiteElo "2479"]
[BlackElo "2422"]
[PlyCount "83"]
[EventDate "2024.01.12"]
[EventType "swiss"]
[EventRounds "9"]
[EventCountry "ESP"]
[SourceTitle "CB04_2024"]
[SourceDate "2023.10.16"]
[SourceVersion "1"]
[SourceVersionDate "2023.10.16"]
[SourceQuality "1"]

1. e4 c5 2. Nf3 Nc6 3. d4 cxd4 4. Nxd4 Qb6 5. Nb3 Nf6 6. Bd3 e6 7. Be3 Qc7 8. a3 Be7 9. Nc3 a6 10. f4 d6 11. g4 b5 12. g5 Nd7 13. Qh5 b4 14. axb4 Nxb4 15. 0-0-0 Rb8 16. Bd4 e5 17. fxe5 Nxe5 18. Bxe5 dxe5 19. Kb1 0-0 20. h4 a5 21. Qe2 Be6 22. Bb5 a4 23. Bxa4 Qa7 24. Rd2 Rfc8 25. Rhd1 Ra8 26. Qf2 Qb8 27. Bd7 Nxc2 28. Bxc8 Na3+ 29. bxa3 Qxb3+ 30. Rb2 Qxc3 31. Bxe6 fxe6 32. Qb6 Qc4 33. Rc2 Qa6 34. Qxa6 Rxa6 35. Rc8+ Kf7 36. Rd7 Rxa3 37. Rcc7 Kg6 38. Rxe7 Rb3+ 39. Kc2 Rb4 40. Rxg7+ Kh5 41. Rxh7+ Kg4 42. g6 1-0

[Event "Seville op 49th"]
[Site "Seville"]
[Date "2024.01.19"]
[Round "8"]
[White "Basso, Pier Luigi"]
[Black "Mitusov, Semen"]
[Result "1/2-1/2"]
[WhiteElo "2482"]
[BlackElo "2479"]
[PlyCount "61"]
[EventDate "2024.01.12"]
[EventType "swiss"]
[EventRounds "9"]
[EventCountry "ESP"]
[SourceTitle "CB04_2024"]
[SourceDate "2023.10.16"]
[SourceVersion "1"]
[SourceVersionDate "2023.10.16"]
[SourceQuality "1"]

1. d4 d5 2. c4 e6 3. Nc3 Nf6 4. Nf3 Be7 5. Bf4 0-0 6. e3 Nbd7 7. a3 c5 8. cxd5 Nxd5 9. Nxd5 exd5 10. dxc5 Nxc5 11. Be5 Bf5 12. Be2 Bf6 13. Bxf6 Qxf6 14. Nd4 Be4 15. 0-0 Ne6 16. Qd2 Rac8 17. Rac1 Nxd4 18. Qxd4 Qxd4 19. exd4 Bf5 20. f3 Bc2 21. Kf2 Rc7 22. Ke3 Rfc8 23. Kd2 Kf8 24. Rfe1 f6 25. Bf1 Bf5 26. Rxc7 Rxc7 27. Rc1 Rxc1 28. Kxc1 Ke7 29. Kd2 g5 30. g3 Kd6 31. Be2 1/2-1/2

[Event "Seville op 49th"]
[Site "Seville"]
[Date "2024.01.13"]
[Round "2"]
[White "Hermosin Bustos, Manuel"]
[Black "Mitusov, Semen"]
[Result "0-1"]
[WhiteElo "2019"]
[BlackElo "2479"]
[PlyCount "72"]
[EventDate "2024.01.12"]
[EventType "swiss"]
[EventRounds "9"]
[EventCountry "ESP"]
[SourceTitle "CB04_2024"]
[SourceDate "2023.10.16"]
[SourceVersion "1"]
[SourceVersionDate "2023.10.16"]
[SourceQuality "1"]

1. d4 d5 2. Bf4 Nf6 3. Nf3 c5 4. e3 Nc6 5. c3 Qb6 6. Qc2 g6 7. Nbd2 Bg7 8. h4 0-0 9. Bd3 c4 10. Be2 Bf5 11. Qc1 Nd7 12. h5 e5 13. dxe5 Ncxe5 14. Nxe5 Nxe5 15. Bxe5 Bxe5 16. Nf3 Bg7 17. Qd2 Rfe8 18. hxg6 hxg6 19. 0-0 Rad8 20. Rfd1 Bf6 21. Nd4 Be4 22. Bf3 Bxf3 23. Nxf3 Kg7 24. Qc2 Rh8 25. Rd2 Rh5 26. Rad1 Qe6 27. Kf1 Qg4 28. Qa4 Rf5 29. Ng1 a6 30. Qb4 b5 31. Qa5 Rh8 32. Qxa6 Rh1 33. Qd6 Be5 34. Qxd5 Bh2 35. Qd4+ Qxd4 36. Rxd4 Bxg1 0-1

[Event "Seville op 49th"]
[Site "Seville"]
[Date "2024.01.12"]
[Round "1"]
[White "Mitusov, Semen"]
[Black "Salas Campuzano, Sergio"]
[Result "1-0"]
[WhiteElo "2479"]
[BlackElo "1746"]
[PlyCount "71"]
[EventDate "2024.01.12"]
[EventType "swiss"]
[EventRounds "9"]
[EventCountry "ESP"]
[SourceTitle "CB04_2024"]
[SourceDate "2023.10.16"]
[SourceVersion "1"]
[SourceVersionDate "2023.10.16"]
[SourceQuality "1"]

1. e4 e5 2. Nf3 Nc6 3. Bb5 a6 4. Ba4 Nf6 5. Nc3 Bb4 6. Nd5 Bc5 7. d3 h6 8. c3 b5 9. Bb3 d6 10. h3 Ba7 11. a4 Bd7 12. 0-0 0-0 13. Bd2 Na5 14. Bc2 Nxd5 15. exd5 bxa4 16. Bxa4 Bxa4 17. Qxa4 Nb7 18. b4 a5 19. Qb5 Qb8 20. bxa5 Nc5 21. Qc4 Qb3 22. Be3 Qxc4 23. dxc4 Ne4 24. Rfb1 Bxe3 25. fxe3 Ra7 26. Ra3 Rfa8 27. Rb5 Kf8 28. c5 Nxc5 29. Nxe5 Re8 30. Nc6 Raa8 31. c4 Re4 32. Kf2 Nd7 33. Rb7 Rxc4 34. a6 Nb6 35. a7 f5 36. Rb3 1-0

[Event "Monsaraz Rapid op"]
[Site "Monsaraz"]
[Date "2023.11.25"]
[Round "4"]
[White "Martinez Ramirez, Lennis"]
[Black "Mitusov, Semen"]
[Result "1-0"]
[WhiteElo "2461"]
[BlackElo "2484"]
[PlyCount "87"]
[EventDate "2023.11.25"]
[EventType "swiss (rapid)"]
[EventRounds "9"]
[EventCountry "POR"]
[SourceTitle "CB48_2023"]
[SourceDate "2023.11.29"]
[SourceVersion "1"]
[SourceVersionDate "2023.11.29"]
[SourceQuality "1"]

1. Nf3 d5 2. d4 Nf6 3. c4 e6 4. e3 Bd6 5. Nc3 b6 6. Bd3 Bb7 7. Qc2 0-0 8. e4 dxe4 9. Nxe4 Bb4+ 10. Bd2 Bxd2+ 11. Nexd2 c5 12. dxc5 Nc6 13. a3 bxc5 14. Ne4 Nxe4 15. Bxe4 Qa5+ 16. Qd2 Qa4 17. Rc1 Rfd8 18. Qf4 f5 19. Bb1 Qa5+ 20. Rc3 Nd4 21. Ne5 Rf8 22. Bd3 Rad8 23. 0-0 Qc7 24. Re1 Rf6 25. Bf1 Rdf8 26. Rh3 h6 27. b4 Nc6 28. bxc5 Ne7 29. Rd3 Bc8 30. Qd4 f4 31. Qd6 Qa5 32. Red1 Ng6 33. Nxg6 Rxg6 34. c6 Rgf6 35. c5 f3 36. Rxf3 Rxf3 37. gxf3 Qxa3 38. Bd3 e5 39. Bh7+ Kxh7 40. Qxf8 Qb3 41. Qxc8 Qxd1+ 42. Kg2 Qc2 43. c7 Qg6+ 44. Qg4 1-0

[Event "Monsaraz Rapid op"]
[Site "Monsaraz"]
[Date "2023.11.25"]
[Round "8"]
[White "Mitrabha, Guha"]
[Black "Mitusov, Semen"]
[Result "1-0"]
[WhiteElo "2516"]
[BlackElo "2484"]
[PlyCount "129"]
[EventDate "2023.11.25"]
[EventType "swiss (rapid)"]
[EventRounds "9"]
[EventCountry "POR"]
[SourceTitle "CB48_2023"]
[SourceDate "2023.11.29"]
[SourceVersion "1"]
[SourceVersionDate "2023.11.29"]
[SourceQuality "1"]

1. Nf3 d5 2. c4 e6 3. g3 Nf6 4. Bg2 d4 5. 0-0 c5 6. e3 Nc6 7. exd4 cxd4 8. d3 Bd6 9. Bg5 h6 10. Bxf6 Qxf6 11. Nbd2 Qd8 12. Ne1 e5 13. Nc2 0-0 14. Rb1 a5 15. a3 a4 16. b4 axb3 17. Rxb3 Ra7 18. Qe2 Re8 19. Rfb1 f5 20. Nb4 Nxb4 21. axb4 b6 22. R3b2 Kh8 23. Bc6 Bd7 24. Bxd7 Qxd7 25. Qf3 Ra3 26. Rb3 Rea8 27. Qd5 Qc7 28. Nf3 Kh7 29. Nh4 Rxb3 30. Rxb3 Rf8 31. Rb1 Be7 32. Nf3 Bf6 33. c5 bxc5 34. bxc5 Rc8 35. Qe6 Qxc5 36. Qxf5+ Kh8 37. Re1 Re8 38. Qe4 Rb8 39. Kg2 Qc2 40. Re2 Qd1 41. g4 Rf8 42. Ra2 Qb3 43. Ra8 Rxa8 44. Qxa8+ Kh7 45. Qe4+ Kh8 46. h4 Qe6 47. Kg3 Qd6 48. Kg2 Kg8 49. Kh3 Kf8 50. Qf5 g6 51. Qxg6 Ke7 52. Qxh6 Qd5 53. Qh7+ Kd6 54. Qf5 Ke7 55. g5 Bg7 56. h5 Qe6 57. Qxe6+ Kxe6 58. Kg4 e4 59. dxe4 d3 60. h6 Bc3 61. g6 Kf6 62. Kh5 d2 63. Nxd2 Bxd2 64. e5+ Ke6 65. h7 1-0

[Event "NOR-chT Elite 2324"]
[Site "Norway"]
[Date "2023.10.29"]
[Round "3.12"]
[White "Mitusov, Semen"]
[Black "Tisdall, Jonathan D"]
[Result "1-0"]
[WhiteElo "2468"]
[BlackElo "2381"]
[PlyCount "125"]
[EventDate "2023.10.27"]
[EventType "team-tourn"]
[EventRounds "9"]
[EventCountry "NOR"]
[SourceTitle "Mega2024 Update 01"]
[Source "Chessbase"]
[SourceDate "2023.11.12"]
[SourceVersion "1"]
[SourceVersionDate "2023.11.12"]
[SourceQuality "1"]
[WhiteTeam "OSS"]
[BlackTeam "Asker"]
[WhiteTeamCountry "NOR"]
[BlackTeamCountry "NOR"]

1. e4 c5 2. Nf3 e6 3. d4 cxd4 4. Nxd4 a6 5. c4 Nf6 6. Nc3 d6 7. Be3 b6 8. Be2 Bb7 9. f3 Nbd7 10. 0-0 Be7 11. Qd2 h5 12. Rfd1 0-0 13. a4 Qb8 14. Nb3 Nc5 15. Qc2 Rc8 16. a5 Nxb3 17. Qxb3 bxa5 18. Rxa5 Bd8 19. Ra4 a5 20. Ra3 Bc6 21. Qxb8 Raxb8 22. Ra2 Bc7 23. Bf4 Bb6+ 24. Kf1 e5 25. Bg3 Bc5 26. Bf2 Bb4 27. Be1 Kf8 28. Nb5 Bxb5 29. cxb5 Rc2 30. Bd3 Rc5 31. Bxb4 axb4 32. Ra4 d5 33. Rxb4 dxe4 34. fxe4 Nd7 35. Ke2 Ke7 36. Ra1 Rb7 37. Ke3 Nb6 38. Ke2 g6 39. Rb3 Rbc7 40. Ra6 Rb7 41. Rba3 Kd6 42. Ra1 Ke6 43. Ra7 Rcc7 44. R7a6 Rc5 45. Rf1 Ke7 46. b3 Rc3 47. Rb1 Rd7 48. Rd1 Rb7 49. Ra3 Rd7 50. Rd2 Rb7 51. Rc2 Rxc2+ 52. Bxc2 Nc8 53. Bd3 Nd6 54. Ra5 f5 55. exf5 gxf5 56. Bc4 h4 57. Kf3 Kf6 58. Ra6 Ke7 59. Ke3 Rc7 60. Kd3 Kd7 61. Ra8 h3 62. gxh3 Nb7 63. b6 1-0

[Event "NOR-chT Elite 2324"]
[Site "Norway"]
[Date "2023.10.27"]
[Round "1.12"]
[White "Mitusov, Semen"]
[Black "Mikalsen, Erlend"]
[Result "1-0"]
[WhiteElo "2468"]
[BlackElo "2343"]
[PlyCount "103"]
[EventDate "2023.10.27"]
[EventType "team-tourn"]
[EventRounds "9"]
[EventCountry "NOR"]
[SourceTitle "Mega2024 Update 01"]
[Source "Chessbase"]
[SourceDate "2023.11.12"]
[SourceVersion "1"]
[SourceVersionDate "2023.11.12"]
[SourceQuality "1"]
[WhiteTeam "OSS"]
[BlackTeam "Alta"]
[WhiteTeamCountry "NOR"]
[BlackTeamCountry "NOR"]

1. e4 c5 2. Nf3 d6 3. d4 cxd4 4. Nxd4 Nf6 5. Nc3 Nc6 6. Bg5 e6 7. Qd2 a6 8. Nxc6 bxc6 9. 0-0-0 Be7 10. Bxf6 gxf6 11. Bc4 Qa5 12. Rhe1 Bb7 13. f4 d5 14. Bb3 0-0-0 15. Qe3 Bb4 16. exd5 exd5 17. Re2 Bxc3 18. Qxc3 Qxc3 19. bxc3 Rhe8 20. Rxe8 Rxe8 21. c4 Re2 22. cxd5 cxd5 23. Rd2 Rxd2 24. Kxd2 Kd7 25. Kd3 Kd6 26. Kd4 h6 27. g3 a5 28. c4 dxc4 29. Bxc4 Bc8 30. Bxf7 Bh3 31. a3 Bf5 32. Kc4 Bd7 33. Bd5 Bh3 34. Be4 Bd7 35. Bf3 Be8 36. Bg4 Bc6 37. Bf5 Be8 38. h4 Ba4 39. g4 Bc6 40. h5 Ba4 41. Bg6 Bd1 42. g5 fxg5 43. fxg5 Ke7 44. gxh6 Kf8 45. Kb5 a4 46. Kb4 Kg8 47. Kc3 Kh8 48. Bc2 Bxh5 49. Kb4 Be8 50. Bxa4 Bg6 51. Kc3 Bf5 52. Bc2 1-0

[Event "Fagernes Autumn op"]
[Site "Fagernes"]
[Date "2023.10.14"]
[Round "8"]
[White "Wallace, John Paul"]
[Black "Mitusov, Semen"]
[Result "0-1"]
[WhiteElo "2365"]
[BlackElo "2468"]
[PlyCount "54"]
[EventDate "2023.10.08"]
[EventType "swiss"]
[EventRounds "9"]
[EventCountry "NOR"]
[SourceTitle "Mega2024 Update 01"]
[Source "Chessbase"]
[SourceDate "2023.11.12"]
[SourceVersion "1"]
[SourceVersionDate "2023.11.12"]
[SourceQuality "1"]

1. Nf3 d5 2. g3 Nf6 3. Bg2 Nbd7 4. d4 e6 5. c4 b6 6. 0-0 Bb7 7. cxd5 Nxd5 8. Re1 N5f6 9. Nc3 c5 10. e4 cxd4 11. Nxd4 Bc5 12. e5 Bxg2 13. Kxg2 Nxe5 14. Nxe6 Qxd1 15. Nxd1 Nd3 16. Nxg7+ Kf8 17. Ne6+ Ke7 18. Nxc5+ Nxe1+ 19. Kf1 Nc2 20. Nb3 Nxa1 21. Nxa1 Rac8 22. Nb3 Nd5 23. Bh6 Rhd8 24. Nd4 f6 25. Ne3 Nxe3+ 26. Bxe3 Rc4 27. Nf5+ Ke6 0-1

[Event "Fagernes Autumn op"]
[Site "Fagernes"]
[Date "2023.10.08"]
[Round "1"]
[White "Krishnan, Ritvik"]
[Black "Mitusov, Semen"]
[Result "0-1"]
[WhiteElo "2176"]
[BlackElo "2468"]
[PlyCount "78"]
[EventDate "2023.10.08"]
[EventType "swiss"]
[EventRounds "9"]
[EventCountry "NOR"]
[SourceTitle "Mega2024 Update 01"]
[Source "Chessbase"]
[SourceDate "2023.11.12"]
[SourceVersion "1"]
[SourceVersionDate "2023.11.12"]
[SourceQuality "1"]

1. e4 c5 2. Nf3 d6 3. d4 cxd4 4. Nxd4 Nf6 5. Nc3 a6 6. Be3 e5 7. Nb3 Be6 8. h3 Be7 9. Qf3 b5 10. g4 Nc6 11. 0-0-0 Nd7 12. h4 Rc8 13. g5 Na5 14. Nd5 Nc4 15. Kb1 Ndb6 16. Nxb6 Nxb6 17. Bh3 Bxh3 18. Rxh3 Nc4 19. Bc1 a5 20. Nd2 Nxd2+ 21. Bxd2 Qc7 22. Qd3 0-0 23. h5 b4 24. b3 Qc6 25. Rc1 Rfd8 26. c4 bxc3 27. Rxc3 Qb6 28. Rf3 Rxc3 29. Bxc3 d5 30. exd5 Bxg5 31. Rf5 h6 32. Bxe5 Qb4 33. Bc3 Qg4 34. Kb2 a4 35. Qd4 a3+ 36. Kxa3 Ra8+ 37. Kb4 Be7+ 38. d6 Bxd6+ 39. Kc4 Rc8+ 0-1

[Event "Barcelona Sants op 24th"]
[Site "Barcelona"]
[Date "2023.08.21"]
[Round "4"]
[White "Mitusov, Semen"]
[Black "Alekseenko, Kirill"]
[Result "1-0"]
[WhiteElo "2445"]
[BlackElo "2675"]
[PlyCount "117"]
[EventDate "2023.08.18"]
[EventType "swiss"]
[EventRounds "10"]
[EventCountry "ESP"]
[SourceTitle "CBM 215 Extra"]
[Source "ChessBase"]
[SourceDate "2023.09.30"]
[SourceVersion "1"]
[SourceVersionDate "2023.09.30"]
[SourceQuality "1"]

1. e4 c5 2. Nf3 d6 3. Bb5+ Bd7 4. Bxd7+ Nxd7 5. 0-0 Ngf6 6. Re1 e6 7. c3 Be7 8. d4 cxd4 9. cxd4 d5 10. e5 Ne4 11. Nbd2 Nxd2 12. Nxd2 Qb6 13. Nf1 0-0 14. Re3 Rfc8 15. Rb3 Qa6 16. Rh3 Nf8 17. Ne3 Qb6 18. Ng4 Rc4 19. Rd3 Rac8 20. Ne3 R4c6 21. f4 f6 22. Bd2 fxe5 23. fxe5 Ng6 24. Bc3 Bg5 25. Ng4 Ne7 26. Qe1 Nf5 27. Rad1 Rf8 28. Nf2 Qd8 29. Nh3 Bh6 30. Kh1 Rc7 31. Ng1 Qg5 32. Qe2 Rcf7 33. Bb4 Rc8 34. g4 Nh4 35. Nh3 Qg6 36. Rg1 a5 37. g5 axb4 38. gxh6 Qxh6 39. Ng5 Rf4 40. Qd2 Rf5 41. Rdg3 Kh8 42. Qxb4 Rc2 43. Rh3 Rcf2 44. Qe7 Kg8 45. Qe8+ Rf8 46. Qxe6+ Kh8 47. Qxh6 gxh6 48. Ne6 Re8 49. Rxh4 Rxe6 50. Rhg4 Re8 51. Rg7 Rxb2 52. Rd7 Rxa2 53. Rxd5 h5 54. Rd7 Re2 55. Rxb7 Rd8 56. Re7 Rd2 57. e6 R2xd4 58. Rf7 Re8 59. e7 1-0

[Event "Riga Tech op-A"]
[Site "Riga"]
[Date "2023.08.10"]
[Round "5"]
[White "Haitin, Ilja"]
[Black "Mitusov, Semen"]
[Result "1/2-1/2"]
[WhiteElo "2284"]
[BlackElo "2445"]
[PlyCount "132"]
[EventDate "2023.08.07"]
[EventType "swiss"]
[EventRounds "9"]
[EventCountry "LAT"]
[SourceTitle "CBM 215 Extra"]
[Source "ChessBase"]
[SourceDate "2023.09.30"]
[SourceVersion "1"]
[SourceVersionDate "2023.09.30"]
[SourceQuality "1"]

1. Nf3 d5 2. e3 Nf6 3. b3 e6 4. Bb2 Bd6 5. d4 c5 6. dxc5 Bxc5 7. a3 0-0 8. Bd3 Nbd7 9. 0-0 b6 10. c4 Bb7 11. Nbd2 Rc8 12. cxd5 Nxd5 13. Nd4 N7f6 14. Nc4 a5 15. Qf3 Ba8 16. Qg3 Qc7 17. Qxc7 Rxc7 18. Nb5 Rd7 19. Rfd1 Bb7 20. Ne5 Rdd8 21. Rac1 Nd7 22. Nc4 Ba6 23. Nd4 Bb7 24. Nb5 Be7 25. Bf1 Nc5 26. Nd2 Rd7 27. Bc4 Rfd8 28. Nf3 f6 29. Nfd4 Kf7 30. Na7 Ba6 31. Bxa6 Nxa6 32. Nac6 Ra8 33. Nxe7 Nxe7 34. Nf3 Rad8 35. Rxd7 Rxd7 36. Bd4 b5 37. Kf1 Rd6 38. e4 e5 39. Be3 Ke6 40. Ke2 g6 41. Bh6 Kf7 42. Bd2 Nc6 43. Rc3 Ke6 44. g4 Kd7 45. Be3 h5 46. h3 hxg4 47. hxg4 g5 48. Rc1 Nd8 49. a4 bxa4 50. bxa4 Ne6 51. Nd2 Nd4+ 52. Kf1 Rb6 53. Nc4 Rc6 54. Nxa5 Rxc1+ 55. Bxc1 Nc5 56. Nc4 Nxe4 57. a5 Nc5 58. Ba3 Na6 59. Kg2 Ke6 60. f3 Nc6 61. Kf2 Kd5 62. Ne3+ Ke6 63. Nc4 Nc7 64. Bc5 Kd5 65. Bb6 Na6 66. Ne3+ Ke6 1/2-1/2

[Event "Riga Tech Rapid op"]
[Site "Riga"]
[Date "2023.08.06"]
[Round "7"]
[White "Abdrlauf, Elham"]
[Black "Mitusov, Semen"]
[Result "1-0"]
[WhiteElo "2523"]
[BlackElo "2445"]
[PlyCount "99"]
[EventDate "2023.08.06"]
[EventType "swiss (rapid)"]
[EventRounds "9"]
[EventCountry "LAT"]
[SourceTitle "CBM 215 Extra"]
[Source "ChessBase"]
[SourceDate "2023.09.30"]
[SourceVersion "1"]
[SourceVersionDate "2023.09.30"]
[SourceQuality "1"]

1. e4 e5 2. Nf3 Nc6 3. Bb5 a6 4. Ba4 Nf6 5. 0-0 Nxe4 6. d4 b5 7. Bb3 d5 8. dxe5 Be6 9. Nbd2 Nc5 10. c3 Be7 11. Bc2 d4 12. Nb3 d3 13. Bb1 Nxb3 14. axb3 Bf5 15. Be3 0-0 16. Bd4 Qd5 17. Bxd3 Bxd3 18. Qxd3 Qxb3 19. Qe4 Qc4 20. Nd2 Qe6 21. f4 Rfd8 22. Nf3 f5 23. Qe2 Nb8 24. b4 Nd7 25. Rfd1 c5 26. Bf2 cxb4 27. Nd4 Qg6 28. Qa2+ Kh8 29. Ne6 bxc3 30. Nxd8 Rxd8 31. Qxa6 Qxa6 32. Rxa6 b4 33. Rc6 h6 34. e6 Nf8 35. Rxd8 Bxd8 36. Bd4 Be7 37. Kf1 Kh7 38. Ke2 h5 39. Kd3 h4 40. Kc2 Ng6 41. g3 h3 42. Bc5 Bxc5 43. Rxc5 Ne7 44. Rc7 Nd5 45. Rd7 Nf6 46. Rd8 Kg6 47. Kb3 Kh5 48. e7 Kg4 49. Rf8 Kf3 50. Rxf6 1-0

[Event "Riga Tech Rapid op"]
[Site "Riga"]
[Date "2023.08.06"]
[Round "5"]
[White "Mitusov, Semen"]
[Black "Rychagov, Nikita1111"]
[Result "1-0"]
[WhiteElo "2445"]
[BlackElo "2201"]
[PlyCount "57"]
[EventDate "2023.08.06"]
[EventType "swiss (rapid)"]
[EventRounds "9"]
[EventCountry "LAT"]
[SourceTitle "CBM 215 Extra"]
[Source "ChessBase"]
[SourceDate "2023.09.30"]
[SourceVersion "1"]
[SourceVersionDate "2023.09.30"]
[SourceQuality "1"]

1. e4 e5 2. Nf3 Nc6 3. Bc4 Bc5 4. c3 Nf6 5. d3 0-0 6. 0-0 d5 7. exd5 Nxd5 8. Re1 Bg4 9. h3 Bh5 10. Nbd2 Nb6 11. Bb5 Bd6 12. Ne4 f5 13. Ng3 Bxf3 14. Qxf3 Qd7 15. Nf1 a6 16. Bxc6 bxc6 17. c4 Rae8 18. Be3 e4 19. dxe4 fxe4 20. Qe2 c5 21. b3 Rf6 22. Rad1 Rg6 23. Qh5 Qf7 24. Kh1 Re5 25. Qxe5 Bxe5 26. Rd8+ Qf8 27. Rxf8+ Kxf8 28. Bxc5+ Bd6 29. Bxd6+ 1-0

[Event "Riga Tech Rapid op"]
[Site "Riga"]
[Date "2023.08.06"]
[Round "4"]
[White "Oim, Mikk Kaarel"]
[Black "Mitusov, Semen"]
[Result "0-1"]
[WhiteElo "1627"]
[BlackElo "2445"]
[PlyCount "78"]
[EventDate "2023.08.06"]
[EventType "swiss (rapid)"]
[EventRounds "9"]
[EventCountry "LAT"]
[SourceTitle "CBM 215 Extra"]
[Source "ChessBase"]
[SourceDate "2023.09.30"]
[SourceVersion "1"]
[SourceVersionDate "2023.09.30"]
[SourceQuality "1"]

1. e4 c5 2. Nf3 d6 3. d4 cxd4 4. Nxd4 Nf6 5. Nc3 a6 6. Bc4 Nbd7 7. f4 b5 8. Bd5 Nxd5 9. Nxd5 Bb7 10. 0-0 e6 11. Nc3 b4 12. Nce2 Bxe4 13. Ng3 Bb7 14. Qe1 a5 15. Be3 Nf6 16. Rd1 Be7 17. h3 0-0 18. Qf2 Qd7 19. Qe2 Rfc8 20. Rf2 Bd5 21. b3 Qb7 22. Bc1 a4 23. Bb2 axb3 24. axb3 Ra2 25. Rb1 Bd8 26. Qe1 Qb6 27. Rd2 Qc5 28. Kh2 Bb6 29. c4 bxc3 30. Bxc3 Rxd2 31. Qxd2 Qxc3 32. Qxc3 Rxc3 33. Nb5 Rxb3 34. Rxb3 Bxb3 35. Nxd6 Bc7 36. Nde4 Bxf4 37. Nxf6+ gxf6 38. h4 h5 39. Kh3 Bxg3 0-1

[Event "Pardubice Czech op-A 34th"]
[Site "Pardubice"]
[Date "2023.07.21"]
[Round "1"]
[White "Juhanak, Daniel"]
[Black "Mitusov, Semen"]
[Result "1/2-1/2"]
[WhiteElo "2137"]
[BlackElo "2455"]
[PlyCount "85"]
[EventDate "2023.07.21"]
[EventType "swiss"]
[EventRounds "9"]
[EventCountry "CZE"]
[SourceTitle "CBM 215 Extra"]
[Source "ChessBase"]
[SourceDate "2023.09.30"]
[SourceVersion "1"]
[SourceVersionDate "2023.09.30"]
[SourceQuality "1"]

1. c4 e6 2. Nf3 d5 3. e3 Nf6 4. Nc3 Bd6 5. b3 b6 6. cxd5 exd5 7. Bb2 a6 8. d4 0-0 9. Bd3 Re8 10. 0-0 Bg4 11. Rc1 Nbd7 12. Qc2 g6 13. Ne2 c5 14. Rfd1 Nh5 15. Ng3 Bxf3 16. gxf3 Qh4 17. Bf1 Nhf6 18. Qd2 Qg5 19. Bg2 Qh4 20. Rc2 Rad8 21. Rdc1 h5 22. a4 a5 23. Qd3 Bf8 24. Kh1 Bd6 25. Rg1 Nf8 26. Bf1 Ne6 27. dxc5 bxc5 28. f4 Ng4 29. f3 Nxe3 30. Qxe3 Nxf4 31. Qf2 Kf8 32. Bg7+ Kg8 33. Bc3 Rb8 34. Nf5 Qxf2 35. Rxf2 Bc7 36. Rb2 Kh7 37. Bb5 gxf5 38. Bxe8 Rxe8 39. Rg7+ Kh6 40. Rxf7 Be5 41. Bxe5 Rxe5 42. Rb1 d4 43. Rg1 1/2-1/2

[Event "NOR-ch"]
[Site "Oslo"]
[Date "2023.07.05"]
[Round "6"]
[White "Holm, Kristian Stuvik"]
[Black "Mitusov, Semen"]
[Result "1/2-1/2"]
[WhiteElo "2480"]
[BlackElo "2434"]
[PlyCount "35"]
[EventDate "2023.06.30"]
[EventType "swiss"]
[EventRounds "9"]
[EventCountry "NOR"]
[SourceTitle "CBM 215 Extra"]
[Source "ChessBase"]
[SourceDate "2023.09.30"]
[SourceVersion "1"]
[SourceVersionDate "2023.09.30"]
[SourceQuality "1"]

1. e4 e5 2. Nf3 Nc6 3. Bb5 a6 4. Ba4 Nf6 5. 0-0 Be7 6. Bxc6 dxc6 7. Nc3 Nd7 8. d4 exd4 9. Qxd4 0-0 10. Bf4 Nc5 11. Qe3 Ne6 12. Rad1 Qe8 13. Bg3 Bc5 14. Qc1 f6 15. Ne1 b5 16. Nd3 Bb6 17. Kh1 Nd4 18. f3 1/2-1/2